Sabrina Carpenter Songs (Updated January 2026) - Statistics

General Stats
  • This quiz has been taken 179 times
    102 since last reset
  • The average score is 31 of 127
Answer Stats
Hint # Answer % Correct
Short 'n Sweet 7 Espresso
94%
Man's Best Friend 1 Manchild
92%
Short 'n Sweet 2 Please Please Please
83%
Short 'n Sweet 10 Juno
81%
Short 'n Sweet 1 Taste
75%
Man's Best Friend 2 Tears
69%
Man's Best Friend 8 When Did You Get Hot?
63%
Man's Best Friend 11 House Tour
62%
emails i can't send 9 Nonsense
62%
Evolution 3 Thumbs
60%
emails i can't send 15 Feather
56%
emails i can't send 5 because i liked a boy
52%
Short 'n Sweet 6 Bed Chem
50%
emails i can't send 1 emails i can't send
48%
Man's Best Friend 12 Goodbye
48%
Man's Best Friend 6 Nobody's Son
48%
Short 'n Sweet 16 Busy Woman
46%
Man's Best Friend 9 Go Go Juice
44%
Singles 2021 Skin
44%
Man's Best Friend 10 Don't Worry I'll Make You Worry
42%
Man's Best Friend 3 My Man on Willpower
42%
Short 'n Sweet 9 Slim Pickins
42%
emails i can't send 4 Tornado Warnings
42%
Short 'n Sweet 3 Good Graces
40%
Short 'n Sweet 4 Sharpest Tool
40%
Short 'n Sweet 13 15 Minutes
38%
Short 'n Sweet 5 Coincidence
38%
Short 'n Sweet 12 Don't Smile
38%
Eyes Wide Open 1 Eyes Wide Open
37%
Man's Best Friend 5 We Almost Broke Up Again Last Night
37%
fruitcake 1 A Nonsense Christmas
35%
fruitcake 4 cindy lou who
35%
Short 'n Sweet 8 Dumb & Poetic
35%
Man's Best Friend 7 Never Getting Laid
35%
Singular Act I 2 Paris
35%
Man's Best Friend 4 Sugar Talking
35%
Short 'n Sweet 17 Bad Reviews
33%
Short 'n Sweet 11 Lie to Girls
33%
emails i can't send 3 Read Your Mind
33%
emails i can't send 11 skinny dipping
33%
Man's Best Friend 13 Such a Funny Way
33%
Short 'n Sweet 15 Couldn't Make It Any Harder
31%
emails i can't send 10 Fast Times
31%
Collaborations 2025 The Life of a Showgirl
31%
emails i can't send 2 Vicious
31%
Eyes Wide Open 2 Can't Blame a Girl for Trying
29%
Singular Act I 4 Sue Me
29%
Singular Act II 9 Looking at Me
27%
emails i can't send 14 opposite
27%
emails i can't send 6 Already Over
25%
emails i can't send 8 bet u wanna
25%
fruitcake 2 buy me presents
25%
emails i can't send 13 decode
25%
fruitcake 5 is it new years yet?
25%
emails i can't send 7 how many things
23%
fruitcake 3 santa doesn't know you like i do
23%
emails i can't send 12 Bad for Business
21%
emails i can't send 16 Lonesome
21%
emails i can't send 17 things i wish you said
21%
fruitcake 6 white xmas
21%
Soundtracks 2020 Clouds
17%
Collaborations 2019 On My Way
17%
Short 'n Sweet Needless to Say
15%
Singular Act I 5 prfct
15%
Eyes Wide Open 8 Seamless
15%
Eyes Wide Open 7 Too Young
15%
Eyes Wide Open 11 White Flag
15%
Singles 2017 Why
15%
Collaborations 2020 WOW
15%
Singular Act I 1 Almost Love
13%
Singular Act II 7 Exhale
13%
Singular Act II 3 I Can't Stop Me
13%
Singular Act II 2 Pushing 20
13%
Eyes Wide Open 9 Right Now
13%
Soundtracks 2014 Take On the World
13%
Eyes Wide Open 3 The Middle of Starting Over
13%
Collaborations 2018 Alien
12%
Singular Act I 6 Bad Time
12%
Singular Act I 8 Diamonds Are Forever
12%
Singular Act II 1 In My Bed
12%
Singular Act I 7 Mona Lisa
12%
Evolution 1 On Purpose
12%
Singles 2016 Smoke and Fire
12%
Eyes Wide Open 5 Two Young Hearts
12%
Eyes Wide Open 4 We'll Be the Stars
12%
Eyes Wide Open 12 Best Thing I Got
10%
Soundtracks 2020 Blueberries
10%
Eyes Wide Open 10 Darling I'm a Mess
10%
Singles 2020 Honeymoon Fades
10%
Covers 2023 I Knew You Were Trouble
10%
Singular Act II 4 I'm Fakin
10%
Soundtracks 2020 Let Me Move You
10%
Evolution 5 Run and Hide
10%
Evolution 8 Shadows
10%
Singular Act II 5 Take Off All Your Cool
10%
Singular Act II 8 Take You Back
10%
Eyes Wide Open 6 Your Love's Like
10%
Evolution 10 All We Have Is Love
8%
Collaborations 2023 Cupid
8%
Evolution 7 Don't Want It Back
8%
Evolution 2 Feels Like Loneliness
8%
Soundtracks 2020 Fix Me Up
8%
Soundtracks 2020 How to Go to Confession
8%
Evolution 6 Mirage
8%
Soundtracks 2012 Smile
8%
Evolution 9 Space
8%
Soundtracks 2014 Stand Out
8%
Singular Act II 6 Tell Em
8%
Soundtracks 2016 Wildside
8%
Collaborations 2024 You Need Me Now?
8%
Collaborations 2017 First Love
6%
Collaborations 2017 Hands
6%
Singular Act I 3 Hold Tight
6%
Evolution 4 No Words
6%
Soundtracks 2015 Rescue Me
6%
Covers 2017 Sign of the Times
6%
Christmas Songs 2014 Silver Nights
6%
Collaborations 2023 That's Not How This Works
6%
Covers 2016 A Dream Is a Wish Your Heart Makes / So This Is Love
4%
Christmas Songs 2015 Christmas the Whole Year Round
4%
Christmas Songs 2017 Have Yourself a Merry Little Christmas
4%
Soundtracks 2018 Lie for Love
4%
Soundtracks 2020 Perfect Song
4%
Collaborations 2020 Tricky
4%
Covers 2017 You're a Mean One, Mr. Grinch
4%
Christmas Songs 2012 I'll Be Home For Christmas
2%
Covers 2014 I Still Haven't Found What I'm Looking For
2%
No matching quizzes found
Score Distribution
Percent of People with Each Score
Percentile by Number Answered
Your Score History
You have not taken this quiz since the last reset